|
|
|
|
| LEADER |
01000caa a22002652c 4500 |
| 001 |
340337656 |
| 003 |
DE-627 |
| 005 |
20220511141150.0 |
| 007 |
tu |
| 008 |
991231s1992 xx ||||| 00| ||und c |
| 035 |
|
|
|a (DE-627)340337656
|
| 035 |
|
|
|a (DE-599)GBV340337656
|
| 040 |
|
|
|a DE-627
|b ger
|c DE-627
|e rakwb
|
| 100 |
1 |
|
|a Tilch, Marianne
|e verfasserin
|4 aut
|
| 245 |
1 |
0 |
|a "Dich fesselt mein Gedankenbann"
|b e. Beisp. für die Editionspraxis des 19. Jh.
|
| 264 |
|
1 |
|c 1992
|
| 336 |
|
|
|a Text
|b txt
|2 rdacontent
|
| 337 |
|
|
|a ohne Hilfsmittel zu benutzen
|b n
|2 rdamedia
|
| 338 |
|
|
|a Band
|b nc
|2 rdacarrier
|
| 773 |
0 |
8 |
|i In
|t Die Sammlung Gottschalk und weitere Heine-Archivalien
|d Berlin : Kulturstiftung der Länder, 1992
|g (1992), Seite 19-23
|h 28 Seiten
|w (DE-627)121038998
|w (DE-576)033073996
|7 nnam
|
| 773 |
1 |
8 |
|g year:1992
|g pages:19-23
|
| 912 |
|
|
|a GBV_USEFLAG_U
|
| 912 |
|
|
|a GBV_ILN_288
|
| 912 |
|
|
|a SYSFLAG_1
|
| 912 |
|
|
|a GBV_KXP
|
| 912 |
|
|
|a GBV_ILN_11
|
| 912 |
|
|
|a GBV_ILN_22
|
| 912 |
|
|
|a GBV_ILN_31
|
| 912 |
|
|
|a GBV_ILN_40
|
| 912 |
|
|
|a GBV_ILN_50
|
| 912 |
|
|
|a GBV_ILN_61
|
| 912 |
|
|
|a GBV_ILN_72
|
| 912 |
|
|
|a GBV_ILN_92
|
| 912 |
|
|
|a GBV_ILN_119
|
| 912 |
|
|
|a GBV_ILN_123
|
| 912 |
|
|
|a GBV_ILN_176
|
| 912 |
|
|
|a GBV_ILN_181
|
| 912 |
|
|
|a GBV_ILN_203
|
| 912 |
|
|
|a GBV_ILN_244
|
| 912 |
|
|
|a GBV_ILN_350
|
| 912 |
|
|
|a GBV_ILN_676
|
| 912 |
|
|
|a GBV_ILN_2003
|
| 912 |
|
|
|a GBV_ILN_2005
|
| 912 |
|
|
|a GBV_ILN_2008
|
| 912 |
|
|
|a GBV_ILN_2010
|
| 912 |
|
|
|a GBV_ILN_2011
|
| 912 |
|
|
|a GBV_ILN_2018
|
| 912 |
|
|
|a GBV_ILN_2019
|
| 912 |
|
|
|a GBV_ILN_2043
|
| 912 |
|
|
|a GBV_ILN_2046
|
| 912 |
|
|
|a GBV_ILN_2057
|
| 912 |
|
|
|a GBV_ILN_2082
|
| 912 |
|
|
|a GBV_ILN_2171
|
| 912 |
|
|
|a GBV_ILN_2308
|
| 912 |
|
|
|a GBV_ILN_2570
|
| 951 |
|
|
|a AR
|
| 952 |
|
|
|j 1992
|h 19-23
|
| 980 |
|
|
|2 288
|1 01
|x 3288
|b 542340410
|h ibk1993
|u gvk
|y xi
|z 31-12-99
|
| 983 |
|
|
|2 288
|1 01
|x 3288
|8 00
|0 (DE-627)302665013
|a 2.2.2
|b Schriften von und zu einzelnen Autoren. Sekundärliteratur. Über Leben, Werk und Wirkung
|
| 995 |
|
|
|2 288
|1 01
|x 3288
|a ibk1993
|